|
|
|
|
| LEADER |
01321cam a2200325 7i4500 |
| 001 |
0000037529 |
| 005 |
20190715090000.0 |
| 008 |
110323 eng |
| 020 |
|
|
|a 9780415996136 (hbk.)
|
| 020 |
|
|
|a 9780415803731 (pbk.)
|
| 020 |
|
|
|a 041580373X (pbk.)
|
| 020 |
|
|
|a 0415996139 (hbk.)
|
| 090 |
0 |
0 |
|a KF4119
|b .I43 2010
|
| 100 |
1 |
|
|a Imber, Michael
|
| 245 |
1 |
0 |
|a Education law
|c Michael Imber and Tyll van Geel.
|
| 250 |
|
|
|a 4th ed.
|
| 260 |
|
|
|a New York:
|b Routledge,
|c 2010.
|
| 300 |
|
|
|a xiv, 652 p.;
|c 27 cm.
|
| 504 |
|
|
|a Includes bibliographical references and index
|
| 650 |
0 |
0 |
|a School management and organization --
|x Law and legislation --
|z United States
|
| 650 |
0 |
0 |
|a Educational law and legislation --
|z United States
|
| 700 |
1 |
|
|a Van Geel, Tyll
|
| 997 |
|
|
|a Education & Social Sciences, Faculty
|b Education, Department
|
| 998 |
|
|
|a Education & Language Studies, Diploma
|
| 999 |
|
|
|a 0000048208
|b BOK
|c OPEN SHELF
|e 1st Floor, Bestari Jaya
|
| 999 |
|
|
|a 0000048209
|b BOK
|c OPEN SHELF
|e 1st Floor, Bestari Jaya
|
| 999 |
|
|
|a 0000048210
|b BOK
|c OPEN SHELF
|e 1st Floor, Bestari Jaya
|
| 999 |
|
|
|a 0000048215
|b BOK
|c OPEN SHELF
|e 1st Floor, Bestari Jaya
|
| 999 |
|
|
|a 0000066671
|b BOK
|c OPEN SHELF
|e 1st Floor, Bestari Jaya
|
| 999 |
|
|
|a 0000066672
|b BOK
|c OPEN SHELF
|e 1st Floor, Bestari Jaya
|